Statistics for Double Country Tripoints

Click here to take the quiz!

General Stats

  • This quiz has been taken 48 times
  • The average score is 6 of 8

Answer Stats

D (km)TRIPOINT% Correct
25Andorra/France/Spain
97%
2081China/Mongolia/Russia
97%
24Austria/Liechtenstein/Switzerland
85%
274Bhutan/China/India
85%
737China/India/Nepal
85%
99Mozambique/South Africa/Swaziland
79%
333Moldova/Romania/Ukraine
58%
33Armenia/Azerbaijan/Iran
39%

Score Distribution

Percentile by Number Answered

Percent of People with Each Score

Your Score History

You have not taken this quiz